[Event "4NCL 2014-15"]
[Site "Hinckley Island ENG"]
[Date "2015.02.15"]
[Round "6.117"]
[White "Maroroa, Sue"]
[Black "Hegarty, Sarah N"]
[Result "0-1"]
[WhiteTitle "WIM"]
[BlackTitle "WFM"]
[WhiteElo "2096"]
[BlackElo "2078"]
[WhiteTeam "White Rose 1"]
[BlackTeam "Wood Green HK"]
[WhiteFideId "4301498"]
[BlackFideId "2501465"]
[EventDate "2014.11.15"]

1. e4 c5 2. Nf3 d6 3. Bb5+ Bd7 4. Bxd7+ Qxd7 5. O-O Nf6 6. Re1 Nc6 7. c3 e6 8.
d4 cxd4 9. cxd4 d5 10. e5 Ne4 11. Nbd2 Nxd2 12. Bxd2 Bb4 13. Rc1 Bxd2 14. Qxd2
O-O 15. Rc3 Rac8 16. Ng5 h6 17. Nh3 Ne7 18. Ra3 Rc4 19. Nf4 Nf5 20. Rd3 Rfc8 21.
Nh5 Qe7 22. g4 Nh4 23. Rh3 Qg5 24. Qxg5 hxg5 25. Rd3 Rxd4 26. Rxd4 Nf3+ 27. Kf1
Nxd4 28. Re3 Rc1+ 29. Kg2 Rc2 30. Ra3 a6 31. Rd3 Nc6 32. Rb3 b5 33. Ra3 Rxb2 34.
Rxa6 Nxe5 35. h3 Nd3 0-1

[Event "4NCL 2014-15"]
[Site "Hinckley Island ENG"]
[Date "2015.02.15"]
[Round "6.121"]
[White "Collins, Sam E."]
[Black "Pert, Nicholas"]
[Result "1/2-1/2"]
[WhiteTitle "IM"]
[BlackTitle "GM"]
[WhiteElo "2490"]
[BlackElo "2562"]
[WhiteTeam "Barbican 4NCL 1"]
[BlackTeam "Guildford 1"]
[WhiteFideId "2501198"]
[BlackFideId "403989"]
[EventDate "2014.11.15"]

1. e4 e6 2. d4 d5 3. Nc3 Bb4 4. e5 Ne7 5. a3 Bxc3+ 6. bxc3 c5 7. Qg4 Qc7 8. Bd3
cxd4 9. Ne2 dxc3 10. Qxg7 Rg8 11. Qxh7 Qxe5 12. h4 Nd7 13. Bf4 Qf6 14. Bg5 Qh8
15. Qxh8 Rxh8 16. Nxc3 a6 17. O-O-O f6 18. Be3 b5 19. f4 Bb7 20. h5 Kf7 21. Rh4
Rac8 22. Kb2 e5 23. fxe5 fxe5 24. Bg5 Rcg8 25. Bxe7 Kxe7 26. g4 Nf6 27. Bf5 d4
28. Ne2 Nd5 29. Ng3 Ne3 30. Rd3 Kf6 31. h6 Nxf5 32. Nxf5 Be4 33. Rd2 Bxf5 34.
gxf5 Rg5 35. c3 dxc3+ 36. Kxc3 Kxf5 37. Rd6 a5 38. Rb6 Rc8+ 39. Kb2 Rg2+ 40. Kb1
Rg1+ 41. Kb2 Rg2+ 42. Kb1 Rg1+ 1/2-1/2

[Event "4NCL 2014-15"]
[Site "Hinckley Island ENG"]
[Date "2015.02.15"]
[Round "6.122"]
[White "Zhou, Yang-Fan"]
[Black "Turner, Matthew J"]
[Result "1-0"]
[WhiteTitle "IM"]
[BlackTitle "GM"]
[WhiteElo "2461"]
[BlackElo "2485"]
[WhiteTeam "Guildford 2"]
[BlackTeam "Barbican 4NCL 1"]
[WhiteFideId "468584"]
[BlackFideId "402893"]
[EventDate "2014.11.15"]

1. e4 e5 2. Nf3 Nc6 3. d4 d6 4. Bb5 Bd7 5. O-O Nf6 6. Nc3 exd4 7. Nxd4 Be7 8.
Re1 O-O 9. a4 Re8 10. a5 Nxd4 11. Qxd4 Bxb5 12. Nxb5 d5 13. Bf4 Nxe4 14. Nxc7
Bc5 15. Qxc5 Nxc5 16. Rxe8+ Qxe8 17. Nxe8 Rxe8 18. Be3 Rc8 19. Rd1 Na4 20. Rxd5
Nxb2 21. Rb5 Rxc2 22. Rxb7 h5 23. Rxa7 Nd1 24. Bb6 Nxf2 25. h3 Ne4 26. Re7 Rc1+
27. Kh2 Nd2 28. a6 Nf1+ 29. Kg1 Ne3+ 30. Kf2 Nd5 31. Re8+ Kh7 32. Bd4 Nc7 33. a7
Rd1 34. Bb6 Nxe8 35. a8=Q Nf6 36. Be3 Rd5 37. Qa4 Rf5+ 38. Ke2 Nd5 39. Bd2 g6
40. Qd4 f6 41. Qa7+ Kg8 42. Bh6 Re5+ 43. Kf2 Ne7 44. Qa2+ Rd5 45. Qa8+ Kf7 46.
Qf8+ Ke6 47. Qe8 1-0

[Event "4NCL 2014-15"]
[Site "Hinckley Island ENG"]
[Date "2015.02.15"]
[Round "6.123"]
[White "D'Costa, Lorin A R"]
[Black "Flear, Glenn C"]
[Result "1/2-1/2"]
[WhiteTitle "IM"]
[BlackTitle "GM"]
[WhiteElo "2430"]
[BlackElo "2460"]
[WhiteTeam "Barbican 4NCL 1"]
[BlackTeam "Guildford 1"]
[WhiteFideId "409219"]
[BlackFideId "400165"]
[EventDate "2014.11.15"]

1. c4 e6 2. g3 d5 3. Bg2 Nf6 4. Nf3 dxc4 5. Na3 Bxa3 6. bxa3 b5 7. Ne5 Nd5 8. d3
cxd3 9. Qxd3 O-O 10. Bb2 Qd6 11. O-O Nd7 12. Nxd7 Bxd7 13. Rac1 Rfc8 14. Rfd1
Qf8 15. Bxd5 exd5 16. Qxd5 Be6 17. Qxb5 c5 1/2-1/2

[Event "4NCL 2014-15"]
[Site "Hinckley Island ENG"]
[Date "2015.02.15"]
[Round "6.124"]
[White "Smerdon, David"]
[Black "Cox, John J"]
[Result "1-0"]
[WhiteTitle "GM"]
[BlackTitle "IM"]
[WhiteElo "2519"]
[BlackElo "2361"]
[WhiteTeam "Guildford 2"]
[BlackTeam "Barbican 4NCL 1"]
[WhiteFideId "3202305"]
[BlackFideId "401064"]
[EventDate "2014.11.15"]

1. e4 c5 2. c3 Nf6 3. e5 Nd5 4. Nf3 Nc6 5. Bc4 Nb6 6. Bb3 d5 7. exd6 Qxd6 8. O-O
Be6 9. Na3 Bxb3 10. axb3 Qd3 11. Re1 e6 12. Re3 Qd7 13. Nc4 Nxc4 14. bxc4 Rd8
15. d4 cxd4 16. Rd3 e5 17. cxd4 exd4 18. Bd2 Be7 19. b4 Qe6 20. Qb3 f6 21. Re1
Ne5 22. Rxd4 O-O 23. Rde4 b5 24. Qe3 bxc4 25. Nxe5 fxe5 26. Rxe5 Qd6 27. Rxe7
Qxd2 28. Qxa7 Qd4 29. Qxd4 Rxd4 30. Rc7 Rd2 31. f3 Ra8 32. Rxc4 Raa2 33. Rg4 Kf7
34. h4 h5 35. Rg5 g6 36. Rb1 Rd6 37. b5 Rb6 38. Rb4 Rc2 39. Rf4+ Kg7 40. Rd5 Rc7
41. Kf2 Rc2+ 42. Kg3 Rc7 43. Rfd4 Kh6 44. Rb4 Rc2 45. Rg5 Kg7 46. Kf4 Kf6 47.
Ke3 Kf7 48. Kd3 Rc1 49. Kd2 Rc7 50. Rf4+ Kg7 51. Rd5 Kh6 52. Ra4 Rcb7 53. Rb4
Rc7 54. Re4 Kg7 55. f4 Kh6 56. g3 Ra7 57. Rc4 Ra5 58. Rcc5 Ra2+ 59. Kc3 Ra3+ 60.
Kb4 Rxg3 61. Rc6 Rb7 62. Rg5 1-0

[Event "4NCL 2014-15"]
[Site "Hinckley Island ENG"]
[Date "2015.02.15"]
[Round "6.125"]
[White "Sanders, Isaac B"]
[Black "Suarez Real, Alberto"]
[Result "1/2-1/2"]
[WhiteTitle "FM"]
[BlackTitle "IM"]
[WhiteElo "2305"]
[BlackElo "2403"]
[WhiteTeam "Barbican 4NCL 1"]
[BlackTeam "Guildford 1"]
[WhiteFideId "417661"]
[BlackFideId "2218534"]
[EventDate "2014.11.15"]

1. Nf3 g6 2. g3 Bg7 3. Bg2 c5 4. O-O Nc6 5. e4 Nf6 6. Re1 O-O 7. c3 e5 8. d4
cxd4 9. cxd4 exd4 10. Nxd4 d5 11. Nxc6 bxc6 12. exd5 Nxd5 13. Na3 1/2-1/2

[Event "4NCL 2014-15"]
[Site "Hinckley Island ENG"]
[Date "2015.02.15"]
[Round "6.126"]
[White "Sarakauskas, Gediminas"]
[Black "Griffiths, Ryan Rhys"]
[Result "1/2-1/2"]
[WhiteTitle "IM"]
[BlackTitle "FM"]
[WhiteElo "2396"]
[BlackElo "2348"]
[WhiteTeam "Guildford 2"]
[BlackTeam "Barbican 4NCL 1"]
[WhiteFideId "12800724"]
[BlackFideId "2502054"]
[EventDate "2014.11.15"]

1. e4 e5 2. Nf3 Nf6 3. Nxe5 d6 4. Nc4 Nxe4 5. d4 d5 6. Ne3 Nc6 7. c3 Be7 8. Bd3
O-O 9. Qc2 Nf6 10. Nd2 Bd6 11. Nf3 Ne7 12. Bd2 c5 13. dxc5 Bxc5 14. O-O Re8 15.
Rad1 Qb6 16. b4 Bd6 17. c4 Qc7 18. Bc3 dxc4 19. Bxc4 Bf4 20. g3 Bxe3 21. Bxf6
Be6 22. Bd3 Qxc2 23. Bxc2 Bxf2+ 24. Rxf2 gxf6 25. Nd4 Nd5 26. Nxe6 fxe6 27. Bb3
Rad8 28. Rfd2 Kf7 29. Kf2 Re7 30. Bxd5 Rxd5 31. Rxd5 exd5 32. Rxd5 Ke6 33. Rh5
Rc7 34. Ke3 f5 35. Kd4 Rd7+ 36. Kc4 Ke5 37. a4 Rd4+ 38. Kc3 a5 39. Rxf5+ Kxf5
40. Kxd4 axb4 41. h3 b3 42. Kc3 Ke4 43. Kxb3 Kf3 44. Kb4 Kxg3 45. Kb5 Kxh3 46.
Kb6 h5 47. Kxb7 h4 48. a5 Kg3 49. a6 h3 50. a7 h2 51. a8=Q h1=Q+ 52. Kb8 Qxa8+
53. Kxa8 1/2-1/2

[Event "4NCL 2014-15"]
[Site "Hinckley Island ENG"]
[Date "2015.02.15"]
[Round "6.127"]
[White "Devereaux, Maxim L"]
[Black "Wadsworth, Matthew J"]
[Result "1-0"]
[WhiteTitle "IM"]
[WhiteElo "2346"]
[BlackElo "2064"]
[WhiteTeam "Barbican 4NCL 1"]
[BlackTeam "Guildford 2"]
[WhiteFideId "408280"]
[BlackFideId "415804"]
[EventDate "2014.11.15"]

1. e4 e6 2. d4 d5 3. Nc3 Bb4 4. e5 c5 5. a3 Bxc3+ 6. bxc3 Qa5 7. Bd2 Qa4 8. h4
Nc6 9. h5 Bd7 10. Qb1 c4 11. h6 Nxh6 12. Bxh6 gxh6 13. Nf3 O-O-O 14. Rxh6 Rdg8
15. Rf6 Be8 16. Qb2 Rg6 17. Rxg6 hxg6 18. Rb1 b6 19. Kd2 f6 20. exf6 Rf8 21. Be2
Rxf6 22. Rh1 Bd7 23. Rh8+ Kc7 24. Rh7 Qa5 25. Ke1 Kc8 26. Kf1 Kc7 27. Kg1 Kc8
28. Qa1 Kc7 29. a4 Rf8 30. Qa3 Re8 31. Rg7 b5 32. Ne5 Nxe5 33. dxe5 Qb6 34. axb5
Kc8 35. Bf3 Rh8 36. Qa6+ Qxa6 37. bxa6 Re8 38. Bg4 g5 39. Rxg5 Re7 40. f4 Kc7
41. Rg6 Bc8 42. Kf2 Bxa6 43. Rxe6 Rxe6 44. Bxe6 Bb7 45. Ke3 a5 46. Kd2 1-0

[Event "4NCL 2014-15"]
[Site "Hinckley Island ENG"]
[Date "2015.02.15"]
[Round "6.128"]
[White "Milliet, Sophie"]
[Black "Lauterbach, Ingrid"]
[Result "1-0"]
[WhiteTitle "IM"]
[BlackTitle "WIM"]
[WhiteElo "2390"]
[BlackElo "2089"]
[WhiteTeam "Guildford 2"]
[BlackTeam "Barbican 4NCL 2"]
[WhiteFideId "623725"]
[BlackFideId "405221"]
[EventDate "2014.11.15"]

1. e4 d6 2. d4 Nf6 3. Nc3 g6 4. f4 Bg7 5. Nf3 c5 6. dxc5 Qa5 7. Qd4 Nc6 8. Bb5
O-O 9. Qa4 Qxa4 10. Bxa4 dxc5 11. e5 Nd7 12. Nd5 e6 13. Bxc6 bxc6 14. Ne7+ Kh8
15. Nxc8 Rfxc8 16. Be3 Bf8 17. Ng5 Kg7 18. Ne4 Rc7 19. O-O-O c4 20. c3 Nb6 21.
Nd2 c5 22. Rhe1 a5 23. Bf2 a4 24. a3 Rb8 25. Re4 Rcb7 26. Rde1 Kg8 27. R1e2 Bh6
28. Nxc4 Nd5 29. g3 g5 30. fxg5 Bxg5+ 31. Kc2 Be7 32. Be3 h5 33. Bc1 Kh7 34. Rf2
Kg6 35. h4 Rg8 36. g4 Bxh4 37. Rh2 Be7 38. gxh5+ Kh7 39. Rf2 Bf8 40. Ne3 Nxe3+
41. Bxe3 Rg3 42. Bf4 Rh3 43. Rxa4 Rxh5 44. Rc4 Rd7 45. a4 Rh4 46. Rh2 Rxh2+ 47.
Bxh2 Kg6 48. a5 Ra7 49. Ra4 Kf5 50. a6 Bg7 51. b4 cxb4 52. cxb4 Bf8 53. Bg1 Rxa6
54. Rxa6 Bxb4 55. Bd4 Be1 56. Kd3 Bg3 57. Ra7 Kg6 58. Ke4 Kg7 59. Ra2 Be1 60.
Rg2+ Kh7 61. Bc5 1-0

[Event "4NCL 2014-15"]
[Site "Hinckley Island ENG"]
[Date "2015.02.15"]
[Round "6.131"]
[White "Richardson, John R"]
[Black "Gormally, Daniel W"]
[Result "1/2-1/2"]
[WhiteTitle "FM"]
[BlackTitle "GM"]
[WhiteElo "2334"]
[BlackElo "2497"]
[WhiteTeam "The AD's"]
[BlackTeam "Blackthorne Russia"]
[WhiteFideId "401617"]
[BlackFideId "406465"]
[EventDate "2014.11.15"]

1. d4 Nf6 2. c4 e6 3. Nc3 Bb4 4. e3 O-O 5. Ne2 d5 6. a3 Be7 7. cxd5 Nxd5 8. g3
Nd7 9. Bg2 N5f6 10. O-O c5 11. b3 Rb8 12. e4 cxd4 13. Nxd4 Ne5 14. Bf4 Nfd7 15.
Qc2 g5 16. Be3 Ng4 17. Bd2 Nde5 18. Nce2 Bd7 19. h3 Rc8 20. Qd1 Nh6 21. Be3 Kh8
22. f4 Ng6 23. Qd2 gxf4 24. Nxf4 Ng8 25. Nxg6+ hxg6 26. e5 Rc5 27. Qb2 Qc7 28.
b4 Rc4 29. Rac1 Rxc1 30. Bxc1 Rc8 31. Kh2 Be8 32. Bf4 Qc3 33. Qxc3 Rxc3 34. Rf3
Rc4 35. Rd3 Rc7 36. Be3 Ba4 37. Ne2 a6 38. Rc3 Rd7 39. Rc8 Rd3 40. Bc1 b6 41.
Rc7 Rd1 42. Bf3 a5 43. bxa5 bxa5 44. Kg2 Bb3 45. Kf2 a4 46. h4 Kg7 47. Nf4 Rd4
48. Be2 Bd8 49. Rb7 Be7 50. Rc7 Bd8 51. Rb7 Be7 1/2-1/2

[Event "4NCL 2014-15"]
[Site "Hinckley Island ENG"]
[Date "2015.02.15"]
[Round "6.132"]
[White "Hunt, Adam C"]
[Black "Merry, Alan B"]
[Result "1/2-1/2"]
[WhiteTitle "IM"]
[BlackTitle "FM"]
[WhiteElo "2437"]
[BlackElo "2349"]
[WhiteTeam "Blackthorne Russia"]
[BlackTeam "The AD's"]
[WhiteFideId "403970"]
[BlackFideId "418811"]
[EventDate "2014.11.15"]

1. e4 e6 2. d4 d5 3. Nc3 Bb4 4. e5 c5 5. a3 Bxc3+ 6. bxc3 Qa5 7. Bd2 Qa4 8. Qg4
g6 9. Qd1 b6 10. Nf3 Ba6 11. Bxa6 Qxa6 12. a4 Nc6 13. Qb1 cxd4 14. cxd4 Qc4 15.
Qb5 Ne7 16. Ra3 a6 17. Qb2 O-O 18. Rc3 Qxa4 19. Ra3 Qc4 20. Rc3 Qa4 21. Ra3 Qc4
22. Rc3 Qa4 1/2-1/2

[Event "4NCL 2014-15"]
[Site "Hinckley Island ENG"]
[Date "2015.02.15"]
[Round "6.133"]
[White "Wheeler, Darren P"]
[Black "Bates, Richard A"]
[Result "1/2-1/2"]
[BlackTitle "IM"]
[WhiteElo "2268"]
[BlackElo "2349"]
[WhiteTeam "The AD's"]
[BlackTeam "Blackthorne Russia"]
[WhiteFideId "410136"]
[BlackFideId "403555"]
[EventDate "2014.11.15"]

1. e4 c5 2. f4 d5 3. Nc3 dxe4 4. Nxe4 Qc7 5. Nf3 Nf6 6. Bb5+ Bd7 7. Nxf6+ exf6
8. Qe2+ Be7 9. O-O Nc6 10. Bxc6 Bxc6 11. Re1 Bxf3 12. Qxf3 O-O 13. b3 c4 14. Bb2
cxb3 15. cxb3 Rfe8 16. Rac1 Bc5+ 17. d4 Rxe1+ 18. Rxe1 Bb4 19. Re2 1/2-1/2

[Event "4NCL 2014-15"]
[Site "Hinckley Island ENG"]
[Date "2015.02.15"]
[Round "6.134"]
[White "Ansell, Simon T"]
[Black "Rich, Mark C"]
[Result "1/2-1/2"]
[WhiteTitle "IM"]
[BlackTitle "CM"]
[WhiteElo "2379"]
[BlackElo "2111"]
[WhiteTeam "Blackthorne Russia"]
[BlackTeam "Blackthorne Russia"]
[WhiteFideId "402141"]
[BlackFideId "406724"]
[EventDate "2014.11.15"]

1. e4 d5 2. exd5 Nf6 3. d4 Nxd5 4. Nf3 g6 5. Bc4 Bg7 6. O-O O-O 7. Re1 Nb6 8.
Bb3 Nc6 9. c3 Bg4 10. h3 Bxf3 11. Qxf3 e5 12. dxe5 Bxe5 13. Na3 Qf6 14. Qxf6
Bxf6 15. Bf4 Rac8 16. Nb5 Na8 17. Bd5 Ne7 18. Bxb7 Rb8 19. Bxa8 Rxb5 20. Bf3
Rxb2 21. Bxc7 Rc8 22. Be5 Bxe5 23. Rxe5 Rc7 24. Ra5 Rc2 25. Rb1 1/2-1/2

[Event "4NCL 2014-15"]
[Site "Hinckley Island ENG"]
[Date "2015.02.15"]
[Round "6.135"]
[White "Swindells, Jonathan E"]
[Black "Ledger, Dave J"]
[Result "1/2-1/2"]
[BlackTitle "FM"]
[WhiteElo "2137"]
[BlackElo "2268"]
[WhiteTeam "The AD's"]
[BlackTeam "Blackthorne Russia"]
[WhiteFideId "421863"]
[BlackFideId "401986"]
[EventDate "2014.11.15"]

1. e4 e5 2. Bc4 Nf6 3. d3 Bc5 4. Nf3 Nc6 5. c3 a6 6. Bb3 Ba7 7. O-O O-O 8. Nbd2
d6 9. h3 Ne7 10. Nh4 Be6 11. Ndf3 h6 12. Nh2 Qd7 13. Qf3 Nh7 14. g4 Ng5 15. Qg3
Bxb3 16. axb3 f6 17. Nf5 Rad8 18. Nf3 Nxf5 19. exf5 Qb5 20. Nxg5 hxg5 21. b4 Kf7
22. Qf3 d5 23. Ra5 Qd7 24. Be3 Bxe3 25. fxe3 c6 26. d4 exd4 27. exd4 Rde8 28.
Raa1 Re4 29. Rae1 Rfe8 30. Rxe4 Rxe4 31. Qg3 Qe7 32. h4 Re3 33. Rf3 Rxf3 34.
Qxf3 Qe1+ 35. Kg2 gxh4 36. Kh3 Ke7 37. Qf4 Kd7 38. Qb8 Qh1+ 39. Qh2 Qxh2+ 40.
Kxh2 Ke7 41. Kh3 g5 42. fxg6 Kf8 43. Kxh4 Kg7 44. Kh5 b6 45. b3 b5 46. Kh4 Kxg6
47. Kh3 Kh6 48. Kh4 Kg6 49. Kh3 1/2-1/2

[Event "4NCL 2014-15"]
[Site "Hinckley Island ENG"]
[Date "2015.02.15"]
[Round "6.136"]
[White "Webb, Laurence E"]
[Black "Snape, Ian L"]
[Result "1/2-1/2"]
[WhiteTitle "FM"]
[WhiteElo "2264"]
[BlackElo "2161"]
[WhiteTeam "Blackthorne Russia"]
[BlackTeam "The AD's"]
[WhiteFideId "402389"]
[BlackFideId "404489"]
[EventDate "2014.11.15"]

1. e4 d6 2. d4 Nf6 3. Nc3 Nbd7 4. Nf3 e5 5. Bc4 Be7 6. O-O O-O 7. Re1 c6 8. a4
a5 9. h3 Nb6 10. Bf1 Nfd7 11. Be3 Qc7 12. Qd2 exd4 13. Bxd4 Ne5 14. Qf4 Bf6 15.
Rad1 Be6 16. Ng5 Nbc4 17. b3 Nb6 18. Qg3 h6 19. Nxe6 fxe6 20. Ne2 c5 21. Be3 Qe7
22. Nf4 Nbd7 23. Be2 Bh4 24. Qh2 Nf6 25. Nd3 Nxe4 26. Nxe5 dxe5 27. Bf3 Nc3 28.
Rd3 Qf6 29. Bxc5 e4 30. Bd4 Qg6 31. Rxc3 exf3 32. Rc7 Bf6 33. Bxf6 Rxf6 34. Rf1
b6 35. Qg3 fxg2 36. Qxg2 Raf8 37. Qxg6 Rxg6+ 38. Kh2 e5 39. Rc3 Rgf6 40. Kg2 e4
41. Re3 Rg6+ 42. Rg3 Rd6 43. Re3 Rg6+ 44. Rg3 Rd6 45. Re3 1/2-1/2

[Event "4NCL 2014-15"]
[Site "Hinckley Island ENG"]
[Date "2015.02.15"]
[Round "6.137"]
[White "Anderton, David W"]
[Black "Ledger, Stephen C"]
[Result "1/2-1/2"]
[WhiteTitle "CM"]
[WhiteElo "2172"]
[BlackElo "2079"]
[WhiteTeam "The AD's"]
[BlackTeam "Blackthorne Russia"]
[WhiteFideId "401668"]
[BlackFideId "404470"]
[EventDate "2014.11.15"]

1. d4 Nf6 2. c4 c5 3. d5 b5 4. Nf3 e6 5. Bg5 exd5 6. cxd5 d6 7. Qc2 Be7 8. e4 a6
9. a4 Nxd5 10. exd5 Bxg5 11. axb5 O-O 12. Be2 Bb7 13. Nc3 axb5 14. Rxa8 Bxa8 15.
Bxb5 Bf6 16. O-O Bxc3 17. Qxc3 Bxd5 18. Rd1 Bxf3 19. Qxf3 Qb6 20. Qe2 g6 21. h4
Qc7 22. h5 Nc6 23. Bxc6 Qxc6 24. h6 Qb6 25. Rd2 Ra8 26. Qe7 Qd8 27. Qe4 Qf8 28.
Qf4 Rd8 29. Qf6 d5 30. g4 Rd6 31. Qf4 d4 32. g5 Qe7 33. Kf1 Re6 34. b4 Re1+ 35.
Kg2 Re5 36. bxc5 Qxg5+ 37. Qxg5 Rxg5+ 38. Kf3 Rxc5 39. Rxd4 Rc8 40. Rd7 Kf8 41.
Kg4 Rc5 42. Rd8+ Ke7 43. Rh8 Rh5 44. Rxh7 Kf6 45. f4 Rh1 1/2-1/2

[Event "4NCL 2014-15"]
[Site "Hinckley Island ENG"]
[Date "2015.02.15"]
[Round "6.138"]
[White "Atkins, Rita"]
[Black "Bellin, Jana M"]
[Result "1-0"]
[WhiteTitle "WIM"]
[BlackTitle "WGM"]
[WhiteElo "2130"]
[BlackElo "2090"]
[WhiteTeam "Blackthorne Russia"]
[BlackTeam "The AD's"]
[WhiteFideId "408050"]
[BlackFideId "402168"]
[EventDate "2014.11.15"]

1. d4 Nf6 2. Bg5 e6 3. e4 h6 4. Bxf6 Qxf6 5. c3 d6 6. Bd3 Nd7 7. Ne2 Qd8 8. O-O
Be7 9. Nd2 c5 10. f4 a6 11. a4 b6 12. Qb3 O-O 13. Rae1 Rb8 14. f5 e5 15. Nf3 b5
16. axb5 axb5 17. dxc5 Nxc5 18. Qc2 Qb6 19. Kh1 Bb7 20. Ng3 Nxd3 21. Qxd3 Rfd8
22. Qe2 f6 23. Nh4 d5 24. Qg4 dxe4 25. Nh5 Bf8 26. Ng6 Rd7 27. Nxe5 Rd6 28. Ng6
Qc7 29. Nhf4 Qf7 30. Ne6 Be7 31. Qg3 Kh7 32. Nc5 Rdd8 33. Nxb7 Rxb7 34. Rxe4 Bd6
35. Qe3 Qc7 36. h3 Bc5 37. Qe2 Qg3 38. Qe1 Qd3 39. Nf4 Qc2 40. Re2 Qb3 41. Ne6
Rd5 42. Qg3 Bd6 43. Qg6+ Kg8 44. Nd4 Qc4 45. Re8+ Bf8 46. Ra1 Rxd4 47. cxd4 Qxd4
48. Rxf8+ 1-0

[Event "4NCL 2014-15"]
[Site "Hinckley Island ENG"]
[Date "2015.02.15"]
[Round "6.141"]
[White "Cobb, James"]
[Black "Lawton, Geoff W"]
[Result "1-0"]
[WhiteTitle "IM"]
[BlackTitle "IM"]
[WhiteElo "2423"]
[BlackElo "2389"]
[WhiteTeam "South Wales Dragons"]
[BlackTeam "Warwickshire Select 1"]
[WhiteFideId "1800949"]
[BlackFideId "400483"]
[EventDate "2014.11.15"]

1. d4 Nf6 2. Nf3 g6 3. c4 Bg7 4. Nc3 O-O 5. Bg5 d6 6. e3 c5 7. d5 h6 8. Bh4 g5
9. Bg3 Nh5 10. Nd2 Nxg3 11. hxg3 f5 12. Qc2 e6 13. Bd3 Na6 14. a3 Nc7 15. e4
exd5 16. cxd5 fxe4 17. Bxe4 b5 18. O-O g4 19. a4 bxa4 20. Nc4 Rb8 21. Rxa4 a6
22. Ra2 Qf6 23. Raa1 Nb5 24. Ne2 Bb7 25. Qd3 Rbe8 26. Bh7+ 1-0

[Event "4NCL 2014-15"]
[Site "Hinckley Island ENG"]
[Date "2015.02.15"]
[Round "6.142"]
[White "Thomas, Nicholas"]
[Black "Cooper, John G"]
[Result "1/2-1/2"]
[WhiteTitle "FM"]
[BlackTitle "IM"]
[WhiteElo "2268"]
[BlackElo "2339"]
[WhiteTeam "Warwickshire Select 1"]
[BlackTeam "South Wales Dragons"]
[WhiteFideId "402117"]
[BlackFideId "1800027"]
[EventDate "2014.11.15"]

1. e4 c5 2. Nc3 e6 3. g3 d5 4. exd5 exd5 5. Bg2 Nf6 6. Nge2 d4 7. Ne4 Nxe4 8.
Bxe4 Nd7 9. O-O Nf6 10. Bg2 Bd6 11. c3 d3 12. Nf4 O-O 13. Nxd3 Bxg3 14. fxg3
Qxd3 15. Qf3 Qxf3 16. Rxf3 Be6 17. d3 Nd5 18. Rf2 Rad8 19. Bg5 Rd7 20. Rd1 h6
21. Bc1 Rfd8 22. h3 Ne7 23. b3 Rxd3 24. Rfd2 Rxd2 25. Rxd2 Rxd2 26. Bxd2 Bd5 27.
Bf1 f5 28. Bf4 Kf7 29. Bb8 Nc6 30. Bd6 b6 31. Bb5 Ke6 32. Bf8 Kf7 33. Bd6 Ke6 1/2-1/2

[Event "4NCL 2014-15"]
[Site "Hinckley Island ENG"]
[Date "2015.02.15"]
[Round "6.143"]
[White "Dineley, Richard"]
[Black "Pitcher, John"]
[Result "1/2-1/2"]
[WhiteElo "2253"]
[BlackElo "2232"]
[WhiteTeam "South Wales Dragons"]
[BlackTeam "Warwickshire Select 1"]
[WhiteFideId "1800680"]
[BlackFideId "411485"]
[EventDate "2014.11.15"]

1. e4 c5 2. Nf3 e6 3. d4 cxd4 4. Nxd4 Nc6 5. Nc3 Qc7 6. Be2 a6 7. O-O Nf6 8. Be3
Bb4 9. Na4 Be7 10. Nxc6 bxc6 11. Nb6 Rb8 12. Nxc8 Qxc8 13. Bd4 c5 14. Be5 Rb6
15. Qd3 d6 16. Bc3 O-O 17. b3 d5 18. exd5 Nxd5 19. Be5 Bf6 20. Bxf6 Nxf6 21.
Rad1 h6 22. Rd2 a5 23. Rfd1 Rb4 24. c3 Rb8 25. Bf3 Qc7 26. Qc4 Rfc8 27. g3 Rb6
28. Kg2 Rbb8 29. Qa6 c4 30. bxc4 Qe5 31. Rd4 g5 32. Bb7 Rc7 33. Rd8+ Rxd8 34.
Rxd8+ Kg7 35. Rd4 Qc5 36. Bf3 g4 37. Ba8 h5 38. Qb5 e5 39. Rd8 Qe7 40. Rd2 Rc5
41. Qb6 Qc7 42. Qxc7 1/2-1/2

[Event "4NCL 2014-15"]
[Site "Hinckley Island ENG"]
[Date "2015.02.15"]
[Round "6.144"]
[White "Mason, Donald J"]
[Black "Redmond, John P."]
[Result "1/2-1/2"]
[WhiteElo "2138"]
[BlackElo "2249"]
[WhiteTeam "Warwickshire Select 1"]
[BlackTeam "South Wales Dragons"]
[WhiteFideId "405116"]
[BlackFideId "2500051"]
[EventDate "2014.11.15"]

1. d4 e6 2. e4 d5 3. Nd2 Be7 4. Ngf3 Nf6 5. Bd3 c5 6. e5 Nfd7 7. c3 b6 8. O-O
Ba6 9. Bxa6 Nxa6 10. Ne1 Nc7 11. f4 f5 12. exf6 Nxf6 13. Nef3 O-O 14. Qe2 Bd6
15. Ne5 Qe8 16. a4 c4 17. g4 Bxe5 18. fxe5 Nd7 19. Rxf8+ Qxf8 20. Nf3 Qf7 21.
Ng5 Qe7 22. h4 h6 23. Nf3 Rf8 24. h5 Rf7 25. g5 hxg5 26. Bxg5 Qe8 27. Nh4 Nf8
28. Qg4 Na6 29. Kh1 Nh7 30. Be3 Qd7 31. Rg1 Nc7 32. Ra1 1/2-1/2

[Event "4NCL 2014-15"]
[Site "Hinckley Island ENG"]
[Date "2015.02.15"]
[Round "6.145"]
[White "James, David J"]
[Black "Shephard, Chris C W"]
[Result "1/2-1/2"]
[WhiteTitle "FM"]
[WhiteElo "2149"]
[BlackElo "2163"]
[WhiteTeam "South Wales Dragons"]
[BlackTeam "Warwickshire Select 1"]
[WhiteFideId "1800272"]
[BlackFideId "470953"]
[EventDate "2014.11.15"]

1. Nf3 Nf6 2. c4 e6 3. Nc3 d5 4. d4 c6 5. e3 Nbd7 6. Bd3 Bd6 7. O-O O-O 8. e4
dxe4 9. Nxe4 Nxe4 10. Bxe4 f5 11. Bc2 Qc7 12. Re1 Nf6 13. h3 Bd7 14. Bd2 c5 15.
Bc3 cxd4 16. Bxd4 b6 17. Qe2 Rae8 18. Ne5 Bc6 19. Nxc6 Qxc6 20. Be5 Bxe5 21.
Qxe5 Nd7 22. Qc3 e5 23. f3 Kh8 1/2-1/2